Sports Quiz

Random Sports or WWE Quiz

WWE Hulk Hogan's PPV Opponents Quiz Stats

 Plays Quiz Updated Apr 23, 2019

Score 0/67 Timer 10:00
0 Plays Today
Event Wrestler % Correct
Wrestlemania IIIAndre the Giant
93%
Survivor Series 1987Andre the Giant
93%
Wrestlemania IVAndre the Giant
93%
Summerslam 1988Andre the Giant
93%
Wrestlemania X8The Rock
89.5%
No Way Out 2003The Rock
89.5%
Wrestlemania VRandy Savage
89.2%
Summerslam 1989Randy Savage
89.2%
No Holds Barred: The Match/The MovieRandy Savage
89%
Judgment Day 2002The Undertaker
87.8%
This Tuesday in TexasThe Undertaker
87.8%
Survivor Series 1991The Undertaker
87.8%
Wrestlemania VIUltimate Warrior
85.7%
Summerslam 2005Shawn Michaels
81.6%
WrestlemaniaRoddy Piper
78.8%
Judgment Day 2003Roddy Piper
78.8%
The Wrestling ClassicRoddy Piper
78.4%
Backlash 2002Triple H
77.7%
Wrestlemania IXYokozuna
75%
King of the Ring 1993Yokozuna
75%
Wrestlemania IXTed DiBiase
73.4%
Summerslam 1988Ted DiBiase
73.2%
Survivor Series 1988Ted DiBiase
73.2%
Survivor Series 1989Ted DiBiase
73.2%
Survivor Series 1990Ted DiBiase
73.2%
Wrestlemania IIKing Kong Bundy
73%
Survivor Series 1987King Kong Bundy
73%
Wrestlemania VIISgt. Slaughter
70.4%
Summerslam 1991Sgt. Slaughter
70.4%
Royal Rumble 1992Sid Justice
63.5%
Wrestlemania VIIISid Justice
63.5%
Summerslam 1991Col. Mustafa
63.2%
Summerslam 2006Randy Orton
62.6%
WrestlemaniaPaul Orndorff
61.6%
Event Wrestler % Correct
Wrestlemania XIXVince McMahon
61.3%
Summerslam 1989Zeus
58%
Survivor Series 1989Zeus
58%
No Holds Barred: The Match/The MovieZeus
57.9%
Wrestlemania IXIRS
54.9%
Summerslam 1990Earthquake
54.5%
Survivor Series 1990Earthquake
54.5%
Royal Rumble 1991Earthquake
54.4%
King of the Ring 2002Kurt Angle
53.6%
Royal Rumble 1990Mr. Perfect
53.3%
Survivor Series 1988Big Bossman
50.1%
Royal Rumble 1989Big Bossman
50.1%
Survivor Series 1987Rick Rude
45.6%
Survivor Series 1987One Man Gang
44.9%
Survivor Series 1988Akeem
44.9%
Royal Rumble 1989Akeem
44.9%
Survivor Series 1988King Haku
38%
Survivor Series 1990Haku
38%
Survivor Series 1989Warlord
36.9%
Survivor Series 1990Warlord
36.9%
Survivor Series 1989Barbarian
36.1%
Survivor Series 1990Barbarian
36.1%
Survivor Series 1990Hercules
35.8%
Summerslam 1991Gen. Adnan
35.7%
Survivor Series 1990Rick Martel
35%
Vengeance 2002Christian
34.9%
Survivor Series 1990Dino Bravo
32.5%
Vengeance 2002Lance Storm
29.1%
Backlash 2005Muhammad Hassan
29.1%
Survivor Series 1990Paul Roma
25.5%
Backlash 2005Khosrow Daivari
25.2%
Survivor Series 1987Butch Reed
23.8%
Survivor Series 1988Red Rooster
21.1%

You're not logged in!

Compare scores with friends on all Sporcle quizzes.
OR
Log In

Sporcle TV

Today on Sporcle TV


Watch our educational content, quiz creation guides, and fun videos on Sporcle TV.

Show Comments

Extras

Top Quizzes Today


Score Distribution

Your Account Isn't Verified!

In order to create a playlist on Sporcle, you need to verify the email address you used during registration. Go to your Sporcle Settings to finish the process.

Report this User

Report this user for behavior that violates our Community Guidelines.

Details: